Wrestlers by Picture 9: WWE 2020's - Statistics

General Stats
  • This quiz has been taken 281 times
  • The average score is 15 of 16
Answer Stats
Picture Answer % Correct
Cody Rhodes
100%
Seth Rollins
99%
Roman Reigns
98%
Jey Uso
97%
Jimmy Uso
97%
Dominik Mysterio
94%
Drew McIntyre
94%
Kevin Owens
94%
Sami Zayn
94%
Kofi Kingston
93%
Bray Wyatt
91%
Gunther
91%
Big E
90%
L.A. Knight
90%
Xavier Woods
88%
Bron Breakker
85%
No matching quizzes found
Score Distribution
Percent of People with Each Score
Percentile by Number Answered
Your Score History
You have not taken this quiz